00571naa a2200193 a 450000100080000000500110000800800410001910000180006024501270007826000090020565000140021465000090022865300170023770000190025470000130027370000180028670000180030477300550032216034071995-06-27 1981 bl --- 0-- u #d1 aWILSON, D. O. aSoil distribution and soybean plant accumulation of manganese in manganese-deficient and manganese-fertilized field plots. c1981 aManganĂªs aSoja aCALAGEM (pH)1 aBOSWELL, F. C.1 aOHKI, K.1 aPARKER, M. B.1 aSHUMAN, L. M. tSoil Sci. Soc. Am. J.gv.45, n.3, p.549-551, 1981.